000 00686nam a2200229 a 4500
001 12450
003 CO-ViMGA
008 141112s2004 ck r 000 u spa d
020 _a8480130652
040 _aCO-ViMGA
_bspa
_cCO-ViMGA
082 0 4 _a797.2 C11n
100 1 _aCabello, Prieto Alfonso
_917880
245 1 0 _aNatación para adultos
260 _aMadrid :
_bGymnos,
_c1997
300 _a178p. : il.
590 _aForma de adquisición : COMPRA - - Precio : 53.900 - - Proveedor : TUCIDIDES PEREA
650 1 4 _aDEPORTIVOS ACUATICOS
_917881
650 1 4 _aeducación FISICA
650 1 4 _aNATACION - ENSEÑANZA
_950358
650 1 4 _aNATACION - TECNICAS
_917882
942 _2ddc
_cBK
999 _c23447
_d23447